000 00450nam a2200181Ia 4500
001 9275
005 20260306160711.0
008 260306t2007||||xx |||||||||||||| ||spa||
041 _aESP
082 _a378.01
_bLL762
100 _aLlano, Alejandro,
_eAUT
245 0 _aRepensar la universidad :
_bla universidad ante lo nuevo
260 _c2007
300 _a131 páginas :
_c21 cm.
650 _aGEN
654 _aCED
942 _cLIB
_dJUS
_fJUS
_2ddc
_n
999 _c9275
_d9275